000 00694nam a2200217 4500
001 3588
005 20181127171543.0
010 0 0 _a
020 0 0 _a
090 0 0 _a305.891418 F5331n 2010
100 0 0 _a
245 0 0 _aNamseling, Bhutan :
_bA brief ethnography by the anthropology students of Royal Thimphu College /
_cFisher, James F.
_h
250 0 0 _a
260 0 0 _a[Thimphu] :
_b[Royal Thimphu College],
_c2010.
300 0 0 _a59 leaves
500 _a"Edited by James F. Fisher, June 2010"
500 _aStudent research project for Sociology/Political Science; James F. Fisher, lecturer.
500 0 0 _aSpiral-bound xerographic copy
650 0 0 _a
_x
650 0 0 _aEthnohistory --Bhutan.
_x
999 _c2924
_d2924